NPL Victoria Teams - Statistics

General Stats
  • This quiz has been taken 17 times
  • The average score is 4 of 42
Answer Stats
Hint Answer % Correct
2 Altona Magic
46%
1 Dandenong City
46%
3 Preston Lions
46%
2 Avondale FC
38%
1 Melbourne Knights
38%
1 Oakleigh Cannons
38%
1 Hume City
31%
2 Port Melbourne Sharks
23%
1 Ballarat City
15%
1 Bendigo City
15%
1 Brunswick Juventus
8%
3 Essendon Royals
8%
1 Geelong SC
8%
1 Moreland City
8%
3 North Geelong Warriors
8%
2 Bundoora United
0%
3 Cardinia United
0%
3 Carlton Riverside
0%
3 Colac Rovers
0%
2 Essendon United
0%
2 Frankston Pines SC
0%
2 Geelong Rangers
0%
3 Gisborne SC
0%
3 Glen Eira City
0%
2 Green Gully SC
0%
1 Hieldburg United
0%
3 Manningham City
0%
2 Maribynong City
0%
1 Melbourne City 18's
0%
1 Melbourne Victory 18's
0%
3 Melton Phoenix
0%
2 Monash Generals
0%
3 Mornington Penisula City
0%
3 Port Melbourne SC
0%
2 Richmond City
0%
2 Ringwood SC
0%
3 Sandringham Eagles
0%
2 Shepperton FC
0%
1 South Melbourne United
0%
2 Werribee United
0%
1 Western United 18's
0%
3 Wodonga Riverside
0%
No matching quizzes found
Score Distribution
Percent of People with Each Score
Percentile by Number Answered
Your Score History
You have not taken this quiz